Light for students / (Record no. 59093)

MARC details
000 -LEADER
campo de control de longitud fija 00416nam a2200145 i 4500
001 - NÚMERO DE CONTROL
campo de control 59093
003 - IDENTIFICADOR DE NÚMERO DE CONTROL
campo de control ES-MaACL
007 - CAMPO FIJO DE DESCRIPCIÓN FÍSICA--INFORMACIÓN GENERAL
campo de control de longitud fija t|
008 - DATOS DE LONGITUD FIJA--INFORMACIÓN GENERAL
campo de control de longitud fija 031027s1921 xxk ||||1| eng d
100 1# - ENTRADA PRINCIPAL--NOMBRE DE PERSONA
Nombre de persona Edser, Edwin.
9 (RLIN) 46657
245 10 - MENCIÓN DEL TÍTULO
Título Light for students /
Mención de responsabilidad, etc. by Edwin Edser.
260 ## - PUBLICACIÓN, DISTRIBUCIÓN, ETC.
Lugar de publicación, distribución, etc. London :
Nombre del editor, distribuidor, etc. [s.n.,
Fecha de publicación, distribución, etc. 1921] (
Lugar de fabricación/manufactura Bungay, Suffolk :
Fabricante Richard Clay and Sons)
300 ## - DESCRIPCIÓN FÍSICA
Extensión VIII, 579 p. ;
Dimensiones 18 cm.
852 ## - LOCALIZACIÓN
Ubicación ES-MaACL
Número de control de estantería G-15904
Holdings
Estatus retirado Estado de pérdida Estado de daño No para préstamo Biblioteca de origen Biblioteca actual Ubicación en estantería Fecha de adquisición Fuente de adquisición Total de préstamos Signatura topográfica completa Código de barras Visto por última vez Precio de reemplazo Tipo de ítem Koha
        Biblioteca del Ateneo de Madrid Biblioteca del Ateneo de Madrid Sala Pecera Planta 3 17/01/2008     G-15904 1061987 23/02/2023 23/02/2023 Libro impreso